Oeil ou oreille ? #2 - Mort subite - Statistiques

Statistiques générales
  • Ce quiz a été pris 246 fois
  • Le résultat moyen est 10 sur 17
Answers on the Grid
Answers color-coded by a green-red scale on the quiz's grid according to % correct below.
Abcès cornéen
Acouphènes
Astigmatisme régulier
Blépharite
Cataracte
Cholestéatome
Conjonctivite
DMLA humide
DMLA sèche
Glaucome
Hypermétropie
Kératite
Labyrinthite
Maladie de Ménière
Myopie
Névrite vestibulaire
Otite
Otospongiose
Presbyacousie
Presbytie
Rétinite pigmentaire
Rétinopathie diabétique
Strabisme
Trou maculaire
Uvéite
 
Statistiques - réponses
Réponse % Correct
Abcès cornéen
84%
Conjonctivite
83%
Myopie
81%
Cataracte
77%
Astigmatisme régulier
76%
Strabisme
75%
Hypermétropie
74%
Presbytie
72%
Glaucome
59%
Rétinite pigmentaire
59%
DMLA humide
58%
DMLA sèche
55%
Rétinopathie diabétique
52%
Kératite
42%
Uvéite
33%
Trou maculaire
32%
Blépharite
26%
Aucun quiz correspondant
Distribution des résultats
% des personnes avec chaque résultat
Percentile par nombre de réponses
Votre historique - résultats
Vous n’avez pas pris ce quiz